Collection Auteurs Latins (Record no. 82528)
[ view plain ]
| 000 -LEADER | |
|---|---|
| fixed length control field | 00566nam a2200217Ia 4500 |
| 003 - CONTROL NUMBER IDENTIFIER | |
| control field | LK-CoDNM |
| 005 - DATE AND TIME OF LATEST TRANSACTION | |
| control field | 20240926144607.0 |
| 008 - FIXED-LENGTH DATA ELEMENTS--GENERAL INFORMATION | |
| fixed length control field | 010623t1884 xxu||||| |||| 00| 1 Illegeable d |
| 040 ## - CATALOGING SOURCE | |
| Original cataloging agency | LK-CoDNM |
| Modifying agency | LK-CoDNM |
| Description conventions | LK-CoDNM |
| 041 ## - LANGUAGE CODE | |
| Language code of text/sound track or separate title | |
| 080 ## - UNIVERSAL DECIMAL CLASSIFICATION NUMBER | |
| Universal Decimal Classification number | 24 |
| Item number | F20 |
| 942 ## - ADDED ENTRY ELEMENTS (KOHA) | |
| Koha item type | Books |
| 100 ## - MAIN ENTRY--PERSONAL NAME | |
| Personal name | Nisard,De.M. |
| 245 ## - TITLE STATEMENT | |
| Title | Collection Auteurs Latins |
| 260 ## - PUBLICATION, DISTRIBUTION, ETC. (IMPRINT) | |
| Name of publisher, distributor, etc. | Librairie de Firmin -Didot |
| Place of publication, distribution, etc. | Paris |
| Date of publication, distribution, etc. | 1884 |
| 300 ## - PHYSICAL DESCRIPTION | |
| Other physical details | 636p. ; 22 cm |
| 650 ## - SUBJECT ADDED ENTRY--TOPICAL TERM | |
| Topical term or geographic name as entry element | Collection Auteurs Latins |
| 650 ## - SUBJECT ADDED ENTRY--TOPICAL TERM | |
| Topical term or geographic name as entry element | 24 F20 |
| 650 ## - SUBJECT ADDED ENTRY--TOPICAL TERM | |
| Topical term or geographic name as entry element | Nisard,De.M. |
| 650 ## - SUBJECT ADDED ENTRY--TOPICAL TERM | |
| Topical term or geographic name as entry element | 1884 |
| Withdrawn status | Lost status | Damaged status | Not for loan | Collection code | Permanent Location | Current Location | Shelving location | Date acquired | Full call number | Barcode | Koha item type |
|---|---|---|---|---|---|---|---|---|---|---|---|
| Damaged | Old Books Collection | Library National Museum Colombo - Sri Lanka | Library National Museum Colombo - Sri Lanka | Reference | 2024-09-26 | 24 F20 | OJP1940 | Books |


